000 01992nam a22002657a 4500
003 Uzh_bibl
008 260511b |||||||| |||| 00| 0 ukr d
020 _a978-966-03-6975-7
_c90.00
040 _bукр.
041 _2ukr
_aukr
080 _a821(477)
090 _a821(477)
_bЛ 64
100 _aЛитовченки,Тимур і Олена
245 _aШалені шахи
_cхудож.-оформлювач Л.П.Вировець
_hТекст
260 _aХарків
_bФоліо
_c2014
300 _a315 с.
_fВ опр.
490 _aСерія "Історія України в романах"
520 _aЩо наше життя? Гра!.. Для одних — карколомна шахова партія, для інших — протиборство держав і князівств, владних осіб та спадкоємців величезних станів, католиків та православних. Настав час розпочинати чергову партію. У великій грі життями, немов живі шахові фігури, зійшлися князі Василь-Костянтин Острозький і Дмитро Сангушко, княгині Беата Костелецька-Острозька і Гальшка Острозька, очільники перших козацьких повстань Криштоф Косинський і Северин Наливайко зі своїм братом Дем’яном, королі Стефан Баторій і Сигізмунд ІІІ Ваза, королева Анна Ягеллонка, полководець Станіслав Жолкевський.
521 _aДля широкого кола читачів
546 _aукр.
650 _aЛітературно-художнє видання
653 _aГра
_aПротиборство держав
655 _aПроза
_vРоман
942 _2udc
_cBK
999 _c17710
_d17710